000 01081cam a22002778i 4500
001 19582811
005 20180208095023.0
008 170403s2017 enk b 001 0 eng
010 _a 2017002683
020 _a9780190609573 (paperback)
040 _aDLC
_beng
_cDLC
_erda
041 _aeng
042 _apcc
080 _a371.5 DRE
082 0 0 _a371.5 DRE
_223
084 _aPSY007000
_2bisacsh
100 1 _a47
101 _aEDU
245 1 2 _aA step-by-step guide for coaching classroom teachers in evidence-based interventions /
_cDana D. Marchese [and six others].
263 _a1111
504 _aIncludes bibliographical references and index.
776 0 8 _iOnline version:
_aMarchese, Dana D., author.
_tStep-by-step guide for coaching classroom teachers in evidence-based interventions
_dOxford ; New York : Oxford University Press, [2017]
_z9780190609597
_w(DLC) 2017017330
906 _a0
_bvip
_corignew
_d1
_eecip
_f20
_gy-gencatlg
942 _2ddc
_cBK
999 _c42193
_d42193